000 00407nam a2200157Ia 4500
008 240126s9999 xx 000 0 und d
022 _a2395-1672
041 _aEnglish
082 _aLIBRARY-VII
245 0 _aICTACT Journal on Microelectronics (2016 -
260 _bICTACT
_aChennai
440 _aNULL
650 _aElectronics
650 _aICTACT,Microelectronics,(2016,-,Electronics
942 _cJN
999 _c277619
_d277619